| 000 | 01957cam a22004575a 4500 | ||
|---|---|---|---|
| 001 | 17829681 | ||
| 005 | 20160927101354.0 | ||
| 008 | 130729t2014 nyua fr 001 0 eng d | ||
| 010 | _a 2013946486 | ||
| 015 |
_aGBB386547 _2bnb |
||
| 016 | 7 |
_a016502943 _2Uk |
|
| 020 | _a9780071830454 (pbk.) | ||
| 020 | _a0071830456 (pbk.) | ||
| 035 | _a(OCoLC)ocn859180856 | ||
| 040 |
_aUKMGB _beng _cUKMGB _dOCLCO _dYDXCP _dBTCTA _dNYP _dVP@ _dIJ5 _dGO4 _dZ#U _dCPA _dQBX _dOCLCO _dOCLCF _dDLC _dEG-ScBUE |
||
| 042 | _alccopycat | ||
| 082 | 0 | 4 |
_a621.3192076 _bNAH _222 |
| 100 | 1 |
_aNahvi, Mahmood. _941236 |
|
| 245 | 1 | 0 |
_aElectric circuits / _cMahmood Nahvi, Joseph A. Edminister. |
| 246 | 3 | 3 | _aSchaum's outlines electric circuits |
| 250 | _a6th ed. | ||
| 260 |
_aNew York : _bMcGraw-Hill, _cc.2014. |
||
| 300 |
_aviii, 496 p. : _bill. ; _c28 cm. |
||
| 490 | 0 | _aSchaum’s outline series | |
| 500 | _aPrevious edition : c.2011. | ||
| 500 | _aIndex : p. 491-496. | ||
| 500 | _aUse with these courses : Electric circuits - Electric circuits fundamentals - Electric circuits analysis - Linear circuits and systems - Circuits theory. | ||
| 650 | 7 |
_aElectric circuits _vProblems, exercises, etc. _2BUEsh _941237 |
|
| 651 | _2BUEsh | ||
| 653 |
_bENGELC _cSeptember2016 |
||
| 655 |
_vReading book _934232 |
||
| 700 | 1 |
_aEdminister, Joseph. _938618 |
|
| 856 | 4 | 2 |
_3Contributor biographical information _uhttp://catdir.loc.gov/catdir/enhancements/fy1317/2013946486-b.html |
| 856 | 4 | 2 |
_3Publisher description _uhttp://catdir.loc.gov/catdir/enhancements/fy1317/2013946486-d.html |
| 856 | 4 | 1 |
_3Table of contents only _uhttp://catdir.loc.gov/catdir/enhancements/fy1317/2013946486-t.html |
| 856 | 4 | 1 |
_3View Schaum’s problem-solving videos-free _uhttp://www.mhprofessionalresources.com//mediacenter |
| 906 |
_a7 _bcbc _ccopycat _d2 _encip _f20 _gy-gencatlg |
||
| 942 | _2ddc | ||
| 999 |
_c22408 _d22380 |
||